[Event "ESP-ch U16 rapid"]
[Site "Salobrena"]
[Date "2023.07.29"]
[Round "1"]
[White "Gomez Pastrana, Juan"]
[Black "Suarez Hernan, Santiago"]
[Result "1-0"]
[WhiteElo "2036"]
[BlackElo "1531"]
[PlyCount "77"]
[EventDate "2023.07.29"]
[EventType "swiss (rapid)"]
[EventRounds "9"]
[EventCountry "ESP"]
[SourceTitle "EXT 2024"]
[Source "ChessBase"]
[SourceDate "2023.10.10"]
[SourceVersion "1"]
[SourceVersionDate "2023.10.10"]
[SourceQuality "1"]

1. e4 c6 2. Nc3 d5 3. Nf3 Bg4 4. h3 Bxf3 5. Qxf3 Nf6 6. d3 e6 7. Be2 Bb4 8. Bd2 0-0 9. 0-0 d4 10. Nb1 Bxd2 11. Nxd2 e5 12. Qg3 Nbd7 13. f4 exf4 14. Rxf4 c5 15. Raf1 Kh8 16. Rh4 b5 17. Nf3 Qb8 18. Qg5 Re8 19. Qd2 Ne5 20. Nxe5 Qxe5 21. Rf5 Qe7 22. e5 Nd7 23. Rfh5 Nf8 24. Bf3 Rac8 25. Be4 g6 26. Rxh7+ Nxh7 27. Qh6 f5 28. exf6 Qd7 29. Bxg6 Rc7 30. f7 Qxf7 31. Bxf7 Rxf7 32. Re4 Rxe4 33. dxe4 Rf6 34. Qh4 Kg7 35. Qg3+ Kh6 36. e5 Re6 37. Qf4+ Kg6 38. Qg4+ Kf7 39. Qf5+ 1-0

[Event "Madrid-ch Previa B"]
[Site "Madrid"]
[Date "2023.02.25"]
[Round "9.7"]
[White "Suarez Hernan, Santiago"]
[Black "Cardena Contreras, Javier"]
[Result "0-1"]
[WhiteElo "1773"]
[BlackElo "1770"]
[PlyCount "66"]
[EventDate "2023.02.02"]
[EventType "swiss"]
[EventRounds "9"]
[EventCountry "ESP"]
[SourceTitle "EXT 2024"]
[Source "ChessBase"]
[SourceDate "2023.10.10"]
[SourceVersion "1"]
[SourceVersionDate "2023.10.10"]
[SourceQuality "1"]

1. d4 d5 2. c4 e6 3. Nc3 c5 4. cxd5 exd5 5. Nf3 Nc6 6. dxc5 d4 7. Ne4 Qd5 8. Nd6+ Bxd6 9. cxd6 Qxd6 10. a3 Bg4 11. Qb3 Nf6 12. h3 Be6 13. Qd3 0-0 14. g3 Bd5 15. Bf4 Qd7 16. Bg2 Be4 17. Qd2 Qd5 18. 0-0 Rfe8 19. Rfd1 Rad8 20. Ne1 Bxg2 21. Nxg2 g5 22. Bxg5 Ne4 23. Qd3 Qxg5 24. h4 Qf5 25. Nf4 Ne5 26. Qb3 Ng6 27. e3 Nxf4 28. exf4 Qd5 29. Qa4 a6 30. Rac1 d3 31. Rc7 Nd2 32. Qb4 Nf3+ 33. Kf1 Nxh4 0-1

[Event "Madrid-ch Previa B"]
[Site "Madrid"]
[Date "2023.02.24"]
[Round "8.3"]
[White "Martinez Garcia, Ruben"]
[Black "Suarez Hernan, Santiago"]
[Result "1-0"]
[WhiteElo "1984"]
[BlackElo "1773"]
[PlyCount "97"]
[EventDate "2023.02.02"]
[EventType "swiss"]
[EventRounds "9"]
[EventCountry "ESP"]
[SourceTitle "EXT 2024"]
[Source "ChessBase"]
[SourceDate "2023.10.10"]
[SourceVersion "1"]
[SourceVersionDate "2023.10.10"]
[SourceQuality "1"]

1. e4 c6 2. d4 d5 3. e5 c5 4. dxc5 e6 5. Bd3 Nd7 6. Nf3 Nxc5 7. 0-0 Nxd3 8. Qxd3 Ne7 9. c4 dxc4 10. Qxd8+ Kxd8 11. Rd1+ Ke8 12. Na3 Nd5 13. Nxc4 Bd7 14. Ne3 Bc6 15. Nd4 a6 16. Bd2 Bc5 17. Nxc6 Bxe3 18. fxe3 bxc6 19. Rac1 Ne7 20. Bb4 Rc8 21. Rd6 h5 22. e4 h4 23. Rc5 Rh5 24. Bc3 Rg5 25. Ra5 Ra8 26. Kf2 Rg4 27. Kf3 Rg5 28. b4 Rh5 29. a4 f6 30. Rxe6 fxe5 31. Kg4 Rh6 32. Rxh6 gxh6 33. Rxe5 Kd7 34. Rh5 Rg8+ 35. Kf3 Rf8+ 36. Ke3 Re8 37. Kd4 Rg8 38. Rxh4 Rxg2 39. Rxh6 Rg4 40. Ke3 Rg1 41. Rh7 Ke6 42. h4 Rc1 43. Bd2 Ra1 44. a5 Ra3+ 45. Kd4 Ra2 46. Bg5 Ng6 47. Rg7 Nf8 48. Re7+ Kd6 49. e5# 1-0

[Event "Madrid-ch Previa B"]
[Site "Madrid"]
[Date "2023.02.02"]
[Round "1.15"]
[White "Suarez Hernan, Santiago"]
[Black "Palomo Fernandez, Lorenzo"]
[Result "1-0"]
[WhiteElo "1773"]
[BlackElo "1387"]
[PlyCount "65"]
[EventDate "2023.02.02"]
[EventType "swiss"]
[EventRounds "9"]
[EventCountry "ESP"]
[SourceTitle "EXT 2024"]
[Source "ChessBase"]
[SourceDate "2023.10.10"]
[SourceVersion "1"]
[SourceVersionDate "2023.10.10"]
[SourceQuality "1"]

1. d4 Nf6 2. c4 g6 3. Nc3 Bg7 4. e4 d6 5. h3 0-0 6. Be3 e5 7. d5 Nbd7 8. g4 Nc5 9. f3 c6 10. Qd2 cxd5 11. cxd5 Ncd7 12. Nge2 Ne8 13. Ng3 Bf6 14. 0-0-0 Bh4 15. Rg1 f6 16. Bd3 Bg5 17. Rh1 Bh4 18. Rdg1 Nc5 19. Bc2 a6 20. Nf1 Rf7 21. Kb1 g5 22. Bf2 Bxf2 23. Qxf2 b5 24. h4 b4 25. Na4 Nxa4 26. Bxa4 Qa5 27. Bxe8 Rb7 28. Bc6 Rb6 29. Bxa8 b3 30. a3 Rb5 31. Qd2 Qc7 32. hxg5 Rc5 33. gxf6 1-0

[Event "Madrid Alcorcon op 1st"]
[Site "Madrid"]
[Date "2022.12.29"]
[Round "7"]
[White "Mata Medina, Andres"]
[Black "Suarez Hernan, Santiago"]
[Result "0-1"]
[WhiteElo "1574"]
[BlackElo "1750"]
[PlyCount "84"]
[EventDate "2022.12.26"]
[EventType "swiss"]
[EventRounds "9"]
[EventCountry "ESP"]
[SourceTitle "CBM 212 Extra"]
[Source "ChessBase"]
[SourceDate "2023.03.31"]
[SourceVersion "1"]
[SourceVersionDate "2023.03.31"]
[SourceQuality "1"]

1. d4 d5 2. c4 c6 3. Nf3 Nf6 4. Nc3 e6 5. Bg5 Nbd7 6. e3 Qa5 7. Bxf6 Nxf6 8. Nd2 Be7 9. Bd3 0-0 10. f4 c5 11. g4 cxd4 12. exd4 dxc4 13. Nxc4 Qc7 14. Ne5 Bb4 15. Rc1 Nd5 16. 0-0 Bxc3 17. bxc3 f5 18. gxf5 Ne3 19. Qb3 Nxf1 20. Rxf1 Qd6 21. fxe6 Bxe6 22. Qxb7 Bd5 23. Qd7 Qxd7 24. Nxd7 Rfd8 25. Nc5 Bxa2 26. f5 a5 27. Ra1 Bf7 28. Ne6 Rd7 29. Bb5 Rd6 30. Nc5 Ra7 31. Kg2 Rb6 32. c4 Rb8 33. Ne6 g6 34. d5 gxf5 35. Nd4 Rb6 36. Nc6 Ra8 37. Ne7+ Kf8 38. Nxf5 Bxd5+ 39. Kg3 Bc6 40. Rf1 Bxb5 41. Nd6+ Ke7 42. Nxb5 Rg8+ 0-1

[Event "Madrid Alcorcon op 1st"]
[Site "Madrid"]
[Date "2022.12.29"]
[Round "8"]
[White "Suarez Hernan, Santiago"]
[Black "Gutierrez Diaz, Pablo"]
[Result "1-0"]
[WhiteElo "1750"]
[BlackElo "1981"]
[PlyCount "67"]
[EventDate "2022.12.26"]
[EventType "swiss"]
[EventRounds "9"]
[EventCountry "ESP"]
[SourceTitle "CBM 212 Extra"]
[Source "ChessBase"]
[SourceDate "2023.03.31"]
[SourceVersion "1"]
[SourceVersionDate "2023.03.31"]
[SourceQuality "1"]

1. d4 Nf6 2. c4 g6 3. Nc3 Bg7 4. e4 d6 5. h3 0-0 6. g4 e5 7. d5 a5 8. Be3 Na6 9. Nge2 b6 10. Ng3 Nc5 11. Qc2 Ne8 12. Be2 Bd7 13. 0-0-0 a4 14. h4 Qc8 15. Rdg1 Na6 16. h5 a3 17. b3 Nb4 18. Qd2 c6 19. Na4 Rxa4 20. bxa4 c5 21. Kb1 Bxg4 22. f3 Bd7 23. Bh6 Qa6 24. Bxg7 Nxg7 25. hxg6 fxg6 26. Qh6 Rf7 27. Qxh7+ Kf8 28. Qxg6 Ke7 29. Qg5+ Rf6 30. Qxg7+ Kd8 31. Qxf6+ Kc7 32. Rh8 Bc8 33. Qd8+ Kb7 34. Qxc8+ 1-0

[Event "Madrid Alcorcon op 1st"]
[Site "Madrid"]
[Date "2022.12.27"]
[Round "4"]
[White "Suarez Hernan, Santiago"]
[Black "Aarav, Bhavin Mehta"]
[Result "1/2-1/2"]
[WhiteElo "1750"]
[BlackElo "1513"]
[PlyCount "45"]
[EventDate "2022.12.26"]
[EventType "swiss"]
[EventRounds "9"]
[EventCountry "ESP"]
[SourceTitle "CBM 212 Extra"]
[Source "ChessBase"]
[SourceDate "2023.03.31"]
[SourceVersion "1"]
[SourceVersionDate "2023.03.31"]
[SourceQuality "1"]

1. d4 d5 2. c4 c6 3. Nc3 Nf6 4. cxd5 cxd5 5. Bf4 Nc6 6. e3 a6 7. Bd3 Bg4 8. Nge2 e6 9. 0-0 Bd6 10. Bxd6 Qxd6 11. Na4 Nd7 12. Rc1 0-0 13. a3 Bh5 14. b4 Rac8 15. Nc5 Nxc5 16. bxc5 Qe7 17. Qc2 Bg6 18. Bxg6 hxg6 19. Qd2 Qc7 20. Rb1 Na5 21. Qb4 Nc4 22. Rfc1 Rb8 23. g3 1/2-1/2

[Event "Madrid Alcorcon op 1st"]
[Site "Madrid"]
[Date "2022.12.26"]
[Round "2"]
[White "Suarez Hernan, Santiago"]
[Black "Paris Munoz, Marta"]
[Result "1-0"]
[WhiteElo "1750"]
[BlackElo "1154"]
[PlyCount "79"]
[EventDate "2022.12.26"]
[EventType "swiss"]
[EventRounds "9"]
[EventCountry "ESP"]
[SourceTitle "CBM 212 Extra"]
[Source "ChessBase"]
[SourceDate "2023.03.31"]
[SourceVersion "1"]
[SourceVersionDate "2023.03.31"]
[SourceQuality "1"]

1. d4 Nf6 2. c4 e6 3. g3 Be7 4. Bg2 0-0 5. Nf3 d6 6. 0-0 Nbd7 7. Nc3 Re8 8. e4 Nf8 9. e5 N6d7 10. Qe2 c6 11. b3 d5 12. Bb2 b6 13. Nd2 Ba6 14. Qe3 Rc8 15. Ne2 c5 16. cxd5 cxd4 17. Bxd4 exd5 18. Nf3 Ne6 19. Rfd1 Nxd4 20. Nexd4 Bc5 21. Bh3 Rc7 22. Qf4 Nf8 23. Qd2 Ng6 24. Re1 Qe7 25. Nf5 Qf8 26. a3 Bc8 27. b4 Be7 28. Nxe7+ Qxe7 29. Bxc8 Rexc8 30. Qxd5 Rd8 31. Qe4 Rdc8 32. Rad1 Rc4 33. Qd5 Rc3 34. e6 fxe6 35. Rxe6 Qf7 36. Ng5 Rc1 37. Nxf7 Rxd1+ 38. Qxd1 Rc3 39. Qd8+ Kxf7 40. Qe8# 1-0

[Event "Newcastle Northumbria Masters"]
[Site "Newcastle on Tyne"]
[Date "2022.08.30"]
[Round "8"]
[White "Dasgupta, Avyukt"]
[Black "Suarez Hernan, Santiago"]
[Result "0-1"]
[WhiteElo "1674"]
[BlackElo "1792"]
[PlyCount "56"]
[EventDate "2022.08.26"]
[EventType "swiss"]
[EventRounds "9"]
[EventCountry "ENG"]
[SourceTitle "CBM 210 Extra"]
[Source "ChessBase"]
[SourceDate "2022.11.30"]
[SourceVersion "1"]
[SourceVersionDate "2022.11.30"]
[SourceQuality "1"]

1. d4 d5 2. Bf4 Nf6 3. e3 c5 4. c3 Nc6 5. Nd2 Bf5 6. Ngf3 Qb6 7. Nh4 Be4 8. f3 Bg6 9. Nxg6 hxg6 10. Qb3 c4 11. Qc2 Nh5 12. Rb1 Nxf4 13. exf4 Qc7 14. g3 e6 15. b3 b5 16. Be2 Bd6 17. Nf1 Ne7 18. Ne3 g5 19. Ng2 gxf4 20. g4 Nc6 21. a4 a6 22. Ra1 Ke7 23. Kf2 Na5 24. b4 Nb3 25. Ra3 a5 26. axb5 axb4 27. Rxa8 Rxa8 28. cxb4 Qb6 0-1

[Event "Newcastle Northumbria Masters"]
[Site "Newcastle on Tyne"]
[Date "2022.08.28"]
[Round "4"]
[White "Patel, Zain"]
[Black "Suarez Hernan, Santiago"]
[Result "1-0"]
[WhiteElo "1679"]
[BlackElo "1792"]
[PlyCount "59"]
[EventDate "2022.08.26"]
[EventType "swiss"]
[EventRounds "9"]
[EventCountry "ENG"]
[SourceTitle "CBM 210 Extra"]
[Source "ChessBase"]
[SourceDate "2022.11.30"]
[SourceVersion "1"]
[SourceVersionDate "2022.11.30"]
[SourceQuality "1"]

1. d4 b6 2. c4 Bb7 3. Nc3 e6 4. a3 Nf6 5. Nf3 Be7 6. g3 d5 7. Bg2 0-0 8. 0-0 dxc4 9. Qc2 Nc6 10. Rd1 Na5 11. e4 Qc8 12. Qe2 Rd8 13. Bh3 c6 14. Bf4 Nb3 15. Rab1 b5 16. Be5 Nd7 17. d5 Nxe5 18. Nxe5 Qc7 19. Nxf7 Kxf7 20. Bxe6+ Kf8 21. Qh5 Bf6 22. d6 Rxd6 23. Rxd6 g6 24. Qf3 Qxd6 25. Qxf6+ Ke8 26. Qf7+ Kd8 27. Qxb7 Rb8 28. Qf7 Nd4 29. Rd1 b4 30. e5 1-0

[Event "Newcastle Northumbria Masters"]
[Site "Newcastle on Tyne"]
[Date "2022.08.27"]
[Round "2"]
[White "Skettos, Nicolas"]
[Black "Suarez Hernan, Santiago"]
[Result "1-0"]
[WhiteElo "1921"]
[BlackElo "1792"]
[PlyCount "62"]
[EventDate "2022.08.26"]
[EventType "swiss"]
[EventRounds "9"]
[EventCountry "ENG"]
[SourceTitle "CBM 210 Extra"]
[Source "ChessBase"]
[SourceDate "2022.11.30"]
[SourceVersion "1"]
[SourceVersionDate "2022.11.30"]
[SourceQuality "1"]

1. e4 c6 2. Nf3 d5 3. Nc3 dxe4 4. Nxe4 Nd7 5. Bc4 Ngf6 6. Neg5 e6 7. Qe2 Nd5 8. d4 h6 9. Ne4 N7f6 10. 0-0 Be7 11. Bd2 0-0 12. c3 b6 13. Rad1 Bb7 14. Rfe1 Qc7 15. Nxf6+ Bxf6 16. Ne5 Rad8 17. Qg4 c5 18. Bxh6 cxd4 19. cxd4 Kh8 20. Bg5 Bxg5 21. Qxg5 f6 22. Qh5+ Kg8 23. Bd3 f5 24. Ng6 Nf4 25. Qh8+ Kf7 26. Ne5+ Ke7 27. Qxg7+ Kd6 28. Nc4+ Kc6 29. Na5+ Kd6 30. Nxb7+ Kc6 31. Rc1+ Kxb7 1-0

[Event "ESP-ch U14"]
[Site "Salobrena"]
[Date "2022.07.23"]
[Round "9"]
[White "Suarez Hernan, Santiago"]
[Black "Andres Iniguez, Iker"]
[Result "0-1"]
[WhiteElo "1849"]
[BlackElo "1729"]
[PlyCount "80"]
[EventDate "2022.07.18"]
[EventType "swiss"]
[EventRounds "9"]
[EventCountry "ESP"]
[SourceTitle "EXT 2023"]
[Source "ChessBase"]
[SourceDate "2022.10.05"]
[SourceVersion "1"]
[SourceVersionDate "2022.10.05"]
[SourceQuality "1"]

1. d4 d5 2. Bf4 c5 3. e4 dxe4 4. d5 Nf6 5. Nc3 a6 6. Qe2 g6 7. 0-0-0 Bg7 8. Nxe4 Nxe4 9. Qxe4 Nd7 10. Qe3 Nf6 11. f3 0-0 12. g4 Qa5 13. a3 e6 14. dxe6 Bxe6 15. Be5 Rad8 16. Rxd8 Rxd8 17. Bc3 Qc7 18. Bxf6 Bxf6 19. Ne2 b5 20. h4 b4 21. g5 Bg7 22. h5 bxa3 23. Qxa3 Qd6 24. Qd3 Qb6 25. Qa3 Bxb2+ 26. Qxb2 Rd1+ 27. Kxd1 Qxb2 28. Kd2 Bf5 29. Ke3 Bxc2 30. Bg2 Qe5+ 31. Kd2 Qxg5+ 32. Kxc2 Qxg2 33. Re1 Qxf3 34. hxg6 fxg6 35. Kd2 c4 36. Rc1 Qd3+ 37. Ke1 h5 38. Rc3 Qd5 39. Kf2 g5 40. Ke3 h4 0-1

[Event "ESP-ch U14"]
[Site "Salobrena"]
[Date "2022.07.18"]
[Round "1"]
[White "Escudero Ribo, Eloi"]
[Black "Suarez Hernan, Santiago"]
[Result "0-1"]
[WhiteElo "1419"]
[BlackElo "1849"]
[PlyCount "110"]
[EventDate "2022.07.18"]
[EventType "swiss"]
[EventRounds "9"]
[EventCountry "ESP"]
[SourceTitle "EXT 2023"]
[Source "ChessBase"]
[SourceDate "2022.10.05"]
[SourceVersion "1"]
[SourceVersionDate "2022.10.05"]
[SourceQuality "1"]

1. d4 d5 2. c4 c6 3. Nc3 Nf6 4. Nf3 e6 5. Bg5 Be7 6. e3 Nbd7 7. Bd3 dxc4 8. Bxc4 b5 9. Bd3 a6 10. Bxf6 Nxf6 11. Ne4 Nxe4 12. Bxe4 Bb7 13. Rc1 Qa5+ 14. Nd2 Qb4 15. Qc2 Rc8 16. 0-0 g5 17. a3 Qa5 18. Nb3 Qb6 19. Nc5 Bxc5 20. Qxc5 Qxc5 21. Rxc5 f5 22. Bd3 Rd8 23. g4 fxg4 24. Rxg5 h5 25. Bg6+ Ke7 26. Bxh5 Kf6 27. f4 gxf3 28. Rg6+ Ke7 29. Rg7+ Kd6 30. Bxf3 Rdg8 31. Rxg8 Rxg8+ 32. Kf2 Rh8 33. Rh1 Rf8 34. h4 e5 35. dxe5+ Kxe5 36. h5 Rxf3+ 37. Ke2 Rf8 38. h6 Rh8 39. b4 Kf6 40. Kd3 Rd8+ 41. Kc3 Kg6 42. h7 Rh8 43. Kb3 Bc8 44. e4 Rxh7 45. Rxh7 Kxh7 46. Kc3 Kg7 47. Kd4 Kf6 48. Kc5 Ke5 49. Kxc6 Kxe4 50. Kc7 Be6 51. Kb6 Bb3 52. Kxa6 Ba4 53. Kb6 Kd4 54. Kc6 Kc4 55. Kd6 Kb3 0-1

[Event "ESP-ch U14"]
[Site "Salobrena"]
[Date "2022.07.18"]
[Round "2"]
[White "Suarez Hernan, Santiago"]
[Black "Arevillca Colque, Jonatan"]
[Result "1/2-1/2"]
[WhiteElo "1849"]
[BlackElo "1627"]
[PlyCount "93"]
[EventDate "2022.07.18"]
[EventType "swiss"]
[EventRounds "9"]
[EventCountry "ESP"]
[SourceTitle "EXT 2023"]
[Source "ChessBase"]
[SourceDate "2022.10.05"]
[SourceVersion "1"]
[SourceVersionDate "2022.10.05"]
[SourceQuality "1"]

1. d4 d5 2. Bf4 e6 3. e3 Bd6 4. Nf3 Nf6 5. c3 0-0 6. Nbd2 b6 7. Bg3 Bb7 8. Bd3 Ne4 9. 0-0 Bxg3 10. hxg3 Nd7 11. c4 Nxd2 12. Qxd2 dxc4 13. Bxc4 Qf6 14. Bb5 Bxf3 15. gxf3 Qe7 16. Rfc1 c5 17. dxc5 Nxc5 18. b4 Nb7 19. Qc3 Nd6 20. Ba6 Rfd8 21. Rc2 Qf6 22. Qxf6 gxf6 23. Rc7 Ne8 24. Rc2 Kf8 25. Kf1 Ke7 26. Ke2 Rab8 27. a4 Kf8 28. Rac1 Kg7 29. g4 Kg8 30. Rh1 Kg7 31. Bd3 h6 32. Rhc1 Kg8 33. f4 Kg7 34. Bb5 Nd6 35. Rc7 Nxb5 36. axb5 Ra8 37. Rb7 Rdb8 38. Rxb8 Rxb8 39. e4 Rb7 40. Rc6 Rd7 41. Ke3 Kf8 42. f5 Ke7 43. Rc4 Kf8 44. Rc1 Kg7 45. Rc6 e5 46. Rc4 Rd6 47. f3 1/2-1/2

[Event "Madrid-ch U14"]
[Site "Madrid"]
[Date "2022.04.03"]
[Round "2"]
[White "Suarez Hernan, Santiago"]
[Black "Centeno Mendoza, Julio Stefano"]
[Result "0-1"]
[WhiteElo "1716"]
[BlackElo "2010"]
[PlyCount "86"]
[EventDate "2022.04.02"]
[EventType "swiss"]
[EventRounds "6"]
[EventCountry "ESP"]
[SourceTitle "EXT 2024"]
[Source "ChessBase"]
[SourceDate "2023.10.10"]
[SourceVersion "1"]
[SourceVersionDate "2023.10.10"]
[SourceQuality "1"]

1. d4 d5 2. Bf4 Nf6 3. e3 c5 4. c3 Nc6 5. Nd2 Bf5 6. Qb3 Qd7 7. Ngf3 cxd4 8. exd4 a6 9. Be2 e6 10. h3 h6 11. Bh2 Be7 12. 0-0 0-0 13. Ne5 Nxe5 14. dxe5 Ne4 15. Rad1 Nc5 16. Qb6 Na4 17. Qb3 b5 18. Rc1 Rfc8 19. Nf3 Bc5 20. Bf4 Rc7 21. Rfd1 Rac8 22. Nd4 Bxd4 23. Rxd4 Qc6 24. Be3 Nb6 25. Re1 Rb7 26. Bc1 Nd7 27. Bf1 a5 28. a4 Nc5 29. axb5 Nxb3 30. bxc6 Rxc6 31. Ra4 d4 32. Bc4 Nxc1 33. Rxc1 Rxb2 34. g4 Bg6 35. Kf1 Rxc4 36. Rxc4 Bd3+ 37. Kg1 Bxc4 38. cxd4 Rb4 39. f4 a4 40. f5 a3 41. Kf2 a2 42. f6 gxf6 43. exf6 Rb1 0-1

[Event "Madrid-ch Previa-B"]
[Site "Madrid"]
[Date "2022.03.18"]
[Round "6"]
[White "Baeza Escudero, Javier"]
[Black "Suarez Hernan, Santiago"]
[Result "1-0"]
[WhiteElo "1849"]
[BlackElo "1720"]
[PlyCount "71"]
[EventDate "2022.03.03"]
[EventType "swiss"]
[EventRounds "9"]
[EventCountry "ESP"]
[SourceTitle "EXT 2023"]
[Source "ChessBase"]
[SourceDate "2022.10.05"]
[SourceVersion "1"]
[SourceVersionDate "2022.10.05"]
[SourceQuality "1"]

1. e4 c6 2. Nc3 d5 3. Nf3 dxe4 4. Nxe4 Nd7 5. Qe2 Ndf6 6. Ng3 e6 7. d4 Qc7 8. Bd2 Ne7 9. 0-0-0 a5 10. Kb1 a4 11. a3 b5 12. Ne4 Nxe4 13. Qxe4 Nd5 14. c4 bxc4 15. Bxc4 Qb6 16. Ka1 Rb8 17. Qc2 Bd7 18. Rhe1 Be7 19. h4 Bf6 20. Bg5 Bxg5 21. hxg5 Ke7 22. Ne5 Qa7 23. f4 g6 24. g4 h6 25. f5 gxf5 26. gxf5 Be8 27. fxe6 fxe6 28. Ng6+ Bxg6 29. Qxg6 Qd7 30. Rf1 Rhf8 31. gxh6 Kd6 32. Qg3+ Ke7 33. Qg7+ Kd6 34. Rxf8 Rxf8 35. Qxf8+ Kc7 36. Bxd5 1-0

[Event "Merida World Heritage op 1st"]
[Site "Merida"]
[Date "2021.08.08"]
[Round "8"]
[White "Suarez Hernan, Santiago"]
[Black "Valente, Sofia"]
[Result "1-0"]
[WhiteElo "1450"]
[BlackElo "1309"]
[PlyCount "70"]
[EventDate "2021.08.04"]
[EventType "swiss"]
[EventRounds "9"]
[EventCountry "ESP"]
[SourceTitle "EXT 2023"]
[Source "ChessBase"]
[SourceDate "2022.10.05"]
[SourceVersion "1"]
[SourceVersionDate "2022.10.05"]
[SourceQuality "1"]

1. d4 d5 2. Bf4 Nf6 3. e3 c5 4. c3 Nc6 5. Bd3 Qb6 6. Qc1 e6 7. Nd2 Be7 8. Ngf3 0-0 9. Rb1 c4 10. Bc2 Qd8 11. Qd1 b5 12. Ne5 Nxe5 13. dxe5 Nd7 14. Qh5 g6 15. Qh3 Bg5 16. Bxg5 Qxg5 17. f4 Qe7 18. Nf3 Re8 19. 0-0 a5 20. Qg3 b4 21. Qe1 Ba6 22. Ba4 Rec8 23. Bxd7 Qxd7 24. Nd4 Rab8 25. Qd2 a4 26. Rfc1 b3 27. a3 Bb5 28. Qf2 Qe7 29. Qg3 Ba6 30. Rf1 Qf8 31. Qg4 Rb6 32. Rf3 Rc7 33. Rbf1 Bc8 34. Qh4 Ba6 35. Rh3 Qg7 1-0